| 000 | 00709nam a22002177a 4500 | ||
|---|---|---|---|
| 999 |
_c13065 _d13065 |
||
| 003 | AR-CdUCM | ||
| 008 | 190411b ||||| |||| 00| 0 spa d | ||
| 040 |
_aMUNICIPALIDAD PROVINCIAL DEL CUSCO _cBIBLIOTECA MUNICIPAL DEL CUSCO |
||
| 082 |
_aC / 339.385 / _bR364 / 1964 |
||
| 100 |
_aReinaga, César Augusto _91406 |
||
| 245 | _aRenta nacional y desarrollo integral / | ||
| 260 |
_aCusco : _bGarcilaso, _c1964. |
||
| 300 |
_a102 páginas ; _c22 cm. |
||
| 505 | _aContenido: Renta nacional -- Desarrollo integral. | ||
| 650 |
_aRenta _929158 |
||
| 650 |
_aPerú _935 |
||
| 650 |
_aDesarrollo económico _91696 |
||
| 650 |
_aCondiciones económicas _91989 |
||
| 942 |
_2ddc _cLIBROS |
||
| 945 |
_acmm _d2019-04-11 |
||